[Event "TCh-SRB 1st League"]
[Site "Subotica SRB"]
[Date "2008.09.06"]
[Round "6"]
[White "Ivanisevic,I"]
[Black "Svetushkin,D"]
[Result "1-0"]
[WhiteElo "2664"]
[BlackElo "2587"]

1.d4 d5 2.c4 c6 3.Nf3 Nf6 4.Nc3 e6 5.e3 a6 6.h3 Nbd7 7.Qc2 dxc4 8.a4 c5 9.Bxc4 b6
10.d5 exd5 11.Nxd5 Bd6 12.b3 Bb7 13.Nxf6+ Nxf6 14.Bb2 Qe7 15.Ng5 Rf8 16.Qf5 h6
17.Bxf6 Qxf6 18.Qxf6 gxf6 19.O-O-O Be7 20.Nf3 Rb8 21.Nh4 Bc8 22.g4 Rg8 23.Rd2 b5
24.axb5 axb5 25.Bd5 c4 26.Rhd1 h5 27.Nf5 Bxf5 28.gxf5 Rc8 29.bxc4 Rg5 30.Rc2 Rxf5
31.cxb5 Rxc2+ 32.Kxc2 Rxf2+ 33.Kb3 Bc5 34.Rc1 Bd6 35.b6 Rh2 36.Rc8+ Ke7 37.Bc6 f5
38.Kc4 f4 39.b7 fxe3 40.Re8+ Kf6 41.Rxe3 Kg5 42.Rd3 Bb8 43.Rd8 Bc7 44.Rg8+ Kh4
45.Bg2 Bg3 46.Rxg3 Kxg3 47.b8=Q+ Kxg2 48.Kd3 Rxh3+ 49.Ke2 Rg3 50.Qb7+ Kh3
51.Kf2 h4 52.Qxf7 Rg2+ 53.Kf1 Rg3 54.Qf5+ Kh2 55.Qf4 Kh3 56.Qe4 Rg4 57.Qf5 Kg3
58.Ke2 Rf4 59.Qe5 Kg4 60.Ke3 Rf3+ 61.Ke4 Rf1 62.Qh2 Re1+ 63.Kd3 h3 64.Qf2 Re8
65.Qd4+ Kg3 66.Qd6+ Kg2 67.Qc6+ Kf1 68.Qxe8  1-0

[Event "Masters"]
[Site "Trieste ITA"]
[Date "2008.09.06"]
[Round "8"]
[White "Drazic,S"]
[Black "Erdos,V"]
[Result "1-0"]
[WhiteElo "2505"]
[BlackElo "2576"]

1.d4 d5 2.Nf3 Nf6 3.c4 e6 4.Nc3 c6 5.e3 a6 6.a3 Nbd7 7.Bd3 dxc4 8.Bxc4 c5
9.O-O b5 10.Ba2 Bb7 11.Re1 Be7 12.e4 cxd4 13.Nxd4 Ne5 14.Bf4 Ng6 15.Bg3 Qb6
16.Nf5 exf5 17.exf5 Qc6 18.f3 O-O 19.fxg6 Bc5+ 20.Kh1 hxg6 21.Qc2 Nh5 22.Bh4 Bd4
23.Re7 Rac8 24.Rd1 Bxc3 25.bxc3 Rc7 26.Rxc7 Qxc7 27.Qxg6 Nf4 28.Qg3 Qe5 29.Re1 Qb8
30.Qg5 Nd3 31.Re7 Bc8 32.Rxf7 Rxf7 33.Qd8+ Kh7 34.Bxf7  1-0

[Event "Open A"]
[Site "Graz SUI"]
[Date "2008.09.07"]
[Round "9"]
[White "Kozul,Z"]
[Black "Kreisl,R"]
[Result "1-0"]
[WhiteElo "2579"]
[BlackElo "2337"]

1.d4 d5 2.c4 c6 3.Nc3 Nf6 4.e3 e6 5.Nf3 Nbd7 6.a3 Bd6 7.b4 dxc4 8.Bxc4 b5
9.Bd3 a5 10.Rb1 axb4 11.axb4 Bb7 12.e4 e5 13.Ne2 Qe7 14.O-O O-O 15.Bg5 h6
16.Ng3 Rfe8 17.Nf5 Qe6 18.Bc2 Ra3 19.Bxf6 Nxf6 20.Bb3 Rxb3 21.Qxb3 Qxb3 22.Rxb3 Bb8
23.dxe5 Nxe4 24.Re1 Ng5 25.Nxg5 hxg5 26.Rbe3 Bc8 27.Nd6 Bxd6 28.exd6 Be6
29.Rc1 Rc8 30.h3 Kf8 31.Re5 Ke8 32.Rxg5 g6 33.Rd1 Kd7 34.g4 Ra8 35.Rd4 Ra4
36.h4 Bd5 37.h5 gxh5 38.gxh5 f6 39.Rgxd5 cxd5 40.h6 Kxd6 41.h7 Ra8 42.Rh4 Rh8
43.Kf1 Ke6 44.Ke2 Kf7 45.Kd3 Kg7 46.Kd4 Rxh7 47.Rxh7+ Kxh7 48.Kxd5 Kg6 49.Kc5 Kf5
50.Kxb5 Ke4  1-0

[Event "61st ch-RUS HL"]
[Site "Novokuznetsk RUS"]
[Date "2008.09.07"]
[Round "5"]
[White "Grachev,B"]
[Black "Nepomniachtchi,I"]
[Result "1/2-1/2"]
[WhiteElo "2640"]
[BlackElo "2602"]

1.d4 d5 2.Nf3 Nf6 3.c4 c6 4.Nc3 e6 5.e3 Nbd7 6.Qc2 Bd6 7.b3 O-O 8.Be2 Qe7
9.O-O Re8 10.Bb2 dxc4 11.bxc4 e5 12.Ne4 Nxe4 13.Qxe4 Nf6 14.Qh4 exd4 15.Bxd4 Ne4
16.Qh5 Nf6 17.Qh4 Ne4 18.Qh5 Nf6 19.Qh4 Ne4  1/2-1/2

[Event "5th LGA Premium Cup"]
[Site "Nuernberg GER"]
[Date "2008.09.07"]
[Round "6"]
[White "Zuehlke,B"]
[Black "Naegelein,An"]
[Result "1/2-1/2"]
[WhiteElo "2097"]
[BlackElo "1964"]

1.d4 d5 2.c4 c6 3.Nf3 Nf6 4.Nc3 e6 5.e3 Nbd7 6.Bd3 dxc4 7.Bxc4 b5 8.Bd3 a6
9.e4 c5 10.e5 cxd4 11.Nxb5 axb5 12.exf6 Nxf6 13.Bxb5+ Bd7 14.Bxd7+ Qxd7 15.Qxd4 Qxd4
16.Nxd4 Bb4+ 17.Ke2 Rc8 18.a3 Ba5 19.Be3 Nd5 20.Rhc1 O-O 21.Rxc8 Rxc8 22.Rc1 Rb8
23.Rc2 h6 24.Nc6 Rc8 25.Nb4 Rxc2+ 26.Nxc2 Kf8 27.Kd3 Ke7 28.Kc4 Kd7 29.Bc5 Bc7
30.g3 g5 31.Ne3 Nf6 32.f3 h5 33.b4 h4 34.Nf1 hxg3 35.hxg3 g4 36.fxg4 Nxg4
37.a4 f5 38.a5 Kc8 39.a6 f4 40.gxf4 Bxf4 41.b5 Ne5+ 42.Kc3 Nd7 43.Be3 Bc7
44.Kd3 Kb8 45.Nd2 Ka8 46.Nf3 Nb8 47.Kc4 Nd7 48.Ng5 e5 49.Kd5 Bb6 50.Bxb6 Nxb6+
51.Kc6 Ka7 52.Ne4 Na4 53.Nd6 Nb6 54.Kc5 Nd7+ 55.Kb4 Nb6 56.Nc4 Nd7 57.Ne3 Nb8
58.Ka5 Nd7 59.Nc4 e4 60.Kb4 Nb8  1/2-1/2

[Event "5th LGA Premium Cup"]
[Site "Nuernberg GER"]
[Date "2008.09.07"]
[Round "6"]
[White "Kretschmer,L"]
[Black "Fuhrmann,Max"]
[Result "0-1"]
[WhiteElo "1976"]
[BlackElo "2097"]

1.d4 d5 2.c4 c6 3.Nf3 Nf6 4.Nc3 e6 5.e3 Nbd7 6.Bd3 dxc4 7.Bxc4 b5 8.Bd3 Bb7
9.O-O Be7 10.e4 b4 11.Na4 O-O 12.Bg5 c5 13.Re1 cxd4 14.Nxd4 Qa5 15.Bh4 Ne5
16.Bc2 Rfd8 17.f4 Nc6 18.Bf2 Rac8 19.Re2 Ng4 20.f5 Nxf2 21.Rxf2 Nxd4 22.Bb3 exf5
23.exf5 Nf3+  0-1

[Event "I Liga Seniorow"]
[Site "Ustron POL"]
[Date "2008.09.07"]
[Round "2"]
[White "Stachowiak,K"]
[Black "Przybylski,W"]
[Result "1-0"]
[WhiteElo "2341"]
[BlackElo "2363"]

1.d4 d5 2.Nf3 Nf6 3.c4 c6 4.e3 e6 5.Nc3 Nbd7 6.Bd3 dxc4 7.Bxc4 b5 8.Bd3 Bd6
9.O-O O-O 10.Qe2 b4 11.Ne4 Nxe4 12.Bxe4 Bb7 13.Rd1 Qe7 14.Bc2 c5 15.e4 e5
16.d5 Nb6 17.Nd2 a5 18.Bd3 a4 19.Nc4 Nxc4 20.Bxc4 Kh8 21.Be3 g6 22.Rac1 f5
23.f3 f4 24.Bf2 g5 25.Bb5 a3 26.Bc6 axb2 27.Qxb2 Bxc6 28.dxc6 Rfc8 29.Qb3 Rxc6
30.Qd5 Rac8 31.Rc4 Kg7 32.Rdc1 Qf7 33.Rxb4 cxb4 34.Rxc6 Rxc6 35.Qxc6 Qxa2
36.Qd7+ Kg8 37.h4 Bf8 38.Qe8 Qf7 39.Qxe5 gxh4 40.Qg5+ Bg7 41.Qd8+ Qf8 42.Qb6 Bc3
43.e5 h3 44.e6 Bf6 45.Bc5 Be7 46.Bd4 Qd8 47.Qa7 hxg2 48.Kxg2 Qe8 49.Kf1 b3
50.Qa5 Qc8 51.Qe5  1-0

[Event "SuperLiga-ROM"]
[Site "Eforie Nord ROM"]
[Date "2008.09.08"]
[Round "8"]
[White "Dumitrache,D"]
[Black "Szabo,G ROM"]
[Result "1/2-1/2"]
[WhiteElo "2504"]
[BlackElo "2514"]

1.d4 d5 2.c4 e6 3.Nf3 Nf6 4.Nc3 c6 5.e3 Nbd7 6.Qc2 Bd6 7.Be2 O-O 8.b3 Qe7
9.O-O b6 10.Bb2 Bb7 11.Rad1 Rac8 12.Qb1 Rfd8  1/2-1/2

[Event "DMP Ekstraliga"]
[Site "Karpacz POL"]
[Date "2008.09.08"]
[Round "3"]
[White "Czakon,J"]
[Black "Kempinski,R"]
[Result "1-0"]
[WhiteElo "2510"]
[BlackElo "2613"]

1.d4 Nf6 2.c4 e6 3.Nf3 d5 4.Nc3 c6 5.e3 a6 6.b3 Bb4 7.Bd2 O-O 8.Bd3 Nbd7
9.O-O Bd6 10.Qc2 h6 11.Ne2 c5 12.cxd5 exd5 13.Ng3 Re8 14.Bc3 b6 15.Rfd1 Bb7
16.dxc5 bxc5 17.Rac1 Qb6 18.Bf5 Bf8 19.h4 Rad8 20.h5 Bd6 21.Bxd7 Nxd7 22.Nf5 Bf8
23.Qb2 Qe6 24.N3h4 f6 25.f4 Nb6 26.Qe2 Nd7 27.Qg4 Kh7 28.Qg6+ Kh8 29.Rf1 Rc8
30.Ba1 Qg8 31.Kh2 Rcd8 32.Rf3 d4 33.Rg3 Bd5 34.exd4 Bf7 35.Qg4 cxd4 36.Bxd4 Re4
37.Rc7 Ne5 38.Bxe5 fxe5 39.Nxh6 exf4 40.Nxf7+ Qxf7 41.Rxf7 fxg3+ 42.Qxg3 Bd6
43.Ng6+  1-0

[Event "3rd PGMA Cup"]
[Site "Manila PHI"]
[Date "2008.09.08"]
[Round "2"]
[White "Kazhgaleyev,M"]
[Black "Dao Thien Hai"]
[Result "1-0"]
[WhiteElo "2641"]
[BlackElo "2489"]

1.d4 d5 2.c4 c6 3.Nc3 Nf6 4.e3 e6 5.Nf3 Nbd7 6.Bd3 dxc4 7.Bxc4 b5 8.Bd3 Bb7
9.e4 b4 10.Na4 c5 11.e5 Nd5 12.O-O Be7 13.Nxc5 Bxc5 14.dxc5 Nxc5 15.Bb5+ Kf8
16.Qd4 Qb6 17.Be2 Nd7 18.Qh4 h6 19.Bd2 a5 20.Rfc1 Qd8 21.Qh5 Kg8 22.a3 g6
23.Qg4 Kg7 24.Bd3 Qe7 25.h4 h5 26.Qd4 Rhc8 27.Bg5 Qf8 28.Nd2 Rxc1+ 29.Rxc1 Rc8
30.Rxc8 Bxc8 31.Ne4 bxa3 32.bxa3 Qxa3 33.Nd6 Qb4 34.Qxb4 Nxb4 35.Bb5 Nb6
36.Bf6+ Kg8 37.Bd8 N4d5 38.Nxc8 Nxc8 39.Bxa5 Nce7 40.g3 f6 41.exf6 Nxf6 42.Kg2 Kf7
43.Bc3 Nf5 44.Kf3 Ng4 45.Ke2 Ke7 46.Bd3 Kf7 47.Bb1 Nf6 48.Kf3 Ng4 49.Bb2 Ke7
50.Ba3+ Kf6 51.Bc5 Ne5+ 52.Ke4 Nf7 53.Kf4 Ne5 54.Bxf5  1-0

[Event "7th Georgiev - Kesarovski Mem"]
[Site "Sunny Beach BUL"]
[Date "2008.09.08"]
[Round "1"]
[White "Koelbl,W"]
[Black "Yermishin,V"]
[Result "1-0"]
[WhiteElo "1909"]
[BlackElo "2344"]

1.d4 d5 2.c4 c6 3.Nf3 Nf6 4.Nc3 e6 5.e3 Bd6 6.Qc2 Nbd7 7.Be2 O-O 8.O-O Re8
9.b3 Nf8 10.Bb2 Ng6 11.Rad1 b6 12.e4 dxe4 13.Nxe4 Nf4 14.Nxd6 Nxe2+ 15.Qxe2 Qxd6
16.Ne5 Rf8 17.Rd3 Nd7 18.Rg3 Bb7 19.d5 f6 20.Qg4 g5 21.Qxg5+  1-0

[Event "7th Georgiev - Kesarovski Mem"]
[Site "Sunny Beach BUL"]
[Date "2008.09.08"]
[Round "1"]
[White "Kolev,At2"]
[Black "Bratanov,Z"]
[Result "0-1"]
[WhiteElo "2035"]
[BlackElo "2446"]

1.d4 d5 2.c4 c6 3.Nc3 Nf6 4.e3 e6 5.Nf3 Nbd7 6.Bd3 b6 7.O-O Bb7 8.b3 Qc7
9.Bb2 Rd8 10.cxd5 exd5 11.Rc1 Be7 12.Qe2 O-O 13.Rfd1 Rfe8 14.Ne5 Qb8 15.f4 Nf8
16.g4 N6d7 17.g5 c5 18.Qh5 g6 19.Qg4 cxd4 20.exd4 Nxe5 21.fxe5 Ne6 22.h4 Nxd4
23.Nb5 Ne6 24.h5 Bxg5 25.hxg6 fxg6 26.Rc2 Be3+ 27.Kf1 d4 28.Bxg6 Rf8+ 29.Ke1 Ng5
30.Bxh7+ Kxh7 31.Qh5+ Kg7 32.Rc7+ Qxc7 33.Nxc7 Bf3 34.Qh4 Rh8 35.Ne6+ Kg6
36.Nf4+ Kf5  0-1

[Event "I EDAMI-Cosmocaixa"]
[Site "Barcelona ESP"]
[Date "2008.09.09"]
[Round "3"]
[White "Peralta,Fe"]
[Black "Alsina Leal,D"]
[Result "1/2-1/2"]
[WhiteElo "2558"]
[BlackElo "2517"]

1.d4 d5 2.c4 c6 3.Nf3 Nf6 4.Nc3 e6 5.e3 Nbd7 6.Bd3 dxc4 7.Bxc4 b5 8.Bd3 a6
9.e4 c5 10.d5 c4 11.Bc2 Qc7 12.O-O Bb7 13.Bg5 Bd6 14.Re1 O-O-O 15.b3 h6 16.Bxf6 Nxf6
17.bxc4 Bb4 18.cxb5 Bxc3 19.bxa6 Bxa6 20.Rc1 exd5 21.e5 Ne4 22.Bxe4 dxe4
23.Qa4 Bb7 24.Re3 Kb8 25.Rexc3 Qd7 26.Qxd7  1/2-1/2

[Event "DMP Ekstraliga"]
[Site "Karpacz POL"]
[Date "2008.09.09"]
[Round "4"]
[White "Matlak,Mare"]
[Black "Bobras,P"]
[Result "1/2-1/2"]
[WhiteElo "2480"]
[BlackElo "2561"]

1.d4 d5 2.c4 c6 3.Nc3 Nf6 4.Nf3 e6 5.e3 Nbd7 6.Bd3 dxc4 7.Bxc4 b5 8.Bd3 a6
9.e4 c5 10.e5 cxd4 11.Nxb5 axb5 12.exf6 Qb6 13.fxg7 Bxg7 14.O-O Bb7 15.Re1 O-O
16.Bf4 Bd5 17.Ne5 Nxe5 18.Bxe5 Bxe5 19.Bxh7+ Kxh7 20.Qh5+ Kg7 21.Qg5+ Kh7
22.Qh5+ Kg8 23.Rxe5 Rfb8 24.Qh6 f5 25.Qg6+ Kf8 26.Qf6+ Kg8 27.Qg6+ Kf8 28.Qf6+  1/2-1/2

[Event "3rd PGMA Cup"]
[Site "Manila PHI"]
[Date "2008.09.09"]
[Round "5"]
[White "Nguyen Ngoc Truong Son"]
[Black "Zhang Ziyang"]
[Result "1/2-1/2"]
[WhiteElo "2579"]
[BlackElo "2441"]

1.d4 d5 2.c4 c6 3.Nf3 Nf6 4.e3 e6 5.Nc3 a6 6.b3 Bb4 7.Bd2 Nbd7 8.Bd3 O-O
9.O-O Bd6 10.e4 dxc4 11.bxc4 e5 12.c5 Bc7 13.h3 exd4 14.Na4 h6 15.Qc2 Re8
16.Rfe1 Nh5 17.Nb6 Nxb6 18.cxb6 Bxb6 19.e5 Be6 20.g4 Bd5 21.Kg2 Nf6 22.Rab1 Nd7
23.Be4 Nxe5 24.Bxd5 Qxd5 25.Rxe5 Rxe5 26.Rxb6 c5 27.Kg3 Re6 28.Rxe6 fxe6
29.Bxh6 d3 30.Qc3 gxh6 31.Qf6 d2 32.Ne5 Qxe5+ 33.Qxe5 d1=Q 34.Qxe6+ Kf8 35.Qf6+ Ke8
36.Qh8+ Kd7 37.Qxa8 Kc7 38.Qf8 Qd3+ 39.Qf3 Qd6+  1/2-1/2

[Event "X Open"]
[Site "San Marti ESP"]
[Date "2008.09.09"]
[Round "8"]
[White "Garcia Riera,J"]
[Black "Tarrago Domingo,M"]
[Result "0-1"]
[WhiteElo "2022"]
[BlackElo "2050"]

1.d4 d5 2.c4 c6 3.Nf3 Nf6 4.e3 e6 5.Nc3 Nbd7 6.Bd3 dxc4 7.Bxc4 b5 8.Bd3 Bb7
9.O-O a6 10.e4 c5 11.d5 c4 12.Bc2 exd5 13.e5 Ne4 14.Nxd5 Nec5 15.Bg5 Qb8
16.Re1 Ne6 17.Bf5 Bc5 18.Bxe6 fxe6 19.Nf4 Bxf3 20.Qxf3 O-O 21.Qc6 Qe8 22.Nxe6 Bxf2+
23.Kh1 Bxe1 24.Nxf8 Nxf8 25.Qxe8 Rxe8 26.Rxe1 Kf7 27.Bd2 Nd7 28.Bc3 Ke6 29.Rd1 Nc5
30.Rd6+ Kf5 31.Rc6 Ne4 32.Rxa6 Nxc3 33.bxc3 Rxe5 34.Kg1 Ke4 35.Ra7 Kd3 36.Rxg7 Kxc3
37.Ra7 h5 38.Kf2 b4 39.Kf3 b3 40.axb3 cxb3 41.Rb7 b2 42.g4 hxg4+ 43.Kxg4 Re4+  0-1

[Event "Open"]
[Site "Herzliya ISR"]
[Date "2008.09.10"]
[Round "7"]
[White "Lerner,K"]
[Black "Zifroni,D"]
[Result "1-0"]
[WhiteElo "2521"]
[BlackElo "2489"]

1.d4 d5 2.c4 c6 3.Nf3 Nf6 4.Nc3 e6 5.e3 Nbd7 6.Bd3 dxc4 7.Bxc4 b5 8.Bd3 Bb7
9.a3 b4 10.Ne4 Nxe4 11.Bxe4 bxa3 12.O-O axb2 13.Bxb2 Qc7 14.Qa4 Bd6 15.Rfc1 O-O
16.d5 exd5 17.Bxh7+ Kxh7 18.Qh4+ Kg8 19.Ng5 Rfe8 20.Qh7+ Kf8 21.Qxg7+ Ke7
22.Qxf7+ Kd8 23.Ne6+ Rxe6 24.Qxe6 Bxh2+ 25.Kh1 Qd6 26.Qh3 Be5 27.Bxe5 Qxe5
28.Rab1 Rb8 29.Rb4 Kc7 30.Kg1 Qd6 31.Ra4 a6 32.Rh4 Re8 33.Rh6 Qe5 34.Rb1 Re7
35.Rh5 Qd6 36.Rh6 Qe5 37.Rh5 Qg7 38.Qh2+ Ne5 39.Qf4 c5 40.Rg5 Qh8 41.Qg3 Qf6
42.f4 Nd7 43.Qe1 Nb6 44.Qa5 Qc6 45.f5 c4 46.Rg6  1-0

[Event "Open"]
[Site "Herzliya ISR"]
[Date "2008.09.10"]
[Round "7"]
[White "Porat,Ma"]
[Black "Goikhman,V"]
[Result "0-1"]
[WhiteElo "2137"]
[BlackElo "2207"]

1.d4 d5 2.c4 c6 3.Nf3 Nf6 4.Nc3 e6 5.e3 Nbd7 6.Bd3 dxc4 7.Bxc4 b5 8.Bd3 Bb7
9.O-O b4 10.Ne4 Nxe4 11.Bxe4 Be7 12.Qc2 Qb6 13.Bxh7 Nf6 14.Be4 Nxe4 15.Qxe4 c5
16.Qg4 O-O-O 17.dxc5 Bxc5 18.Ng5 Rd7 19.e4 Ba6 20.Bf4 Bxf1 21.Rxf1 Kb7 22.Qf3 e5
23.Bg3 f6 24.Qg4 Re7 25.Nf3 Qe6 26.Qxe6 Rxe6 27.Rc1 Rc8 28.Kf1 Ra6 29.Nd2 Rxa2
30.Nc4 b3 31.f4 Bb4 32.Be1 Rxc4 33.Rxc4 Bxe1 34.Kxe1 Rxb2 35.fxe5 fxe5 36.Rc5 Kb6
37.Rxe5 Rxg2 38.Re8 b2 39.Rb8+ Kc7  0-1

[Event "3rd PGMA Cup"]
[Site "Manila PHI"]
[Date "2008.09.10"]
[Round "6"]
[White "Zhang Ziyang"]
[Black "Nadera,B"]
[Result "0-1"]
[WhiteElo "2441"]
[BlackElo "2401"]

1.d4 Nf6 2.Nf3 d5 3.c4 e6 4.Nc3 c6 5.e3 Nbd7 6.Qc2 b6 7.Bd3 Bb7 8.O-O Be7
9.e4 dxe4 10.Nxe4 c5 11.Rd1 Qc7 12.Nxf6+ Nxf6 13.d5 exd5 14.cxd5 Bxd5 15.Qa4+ Kf8
16.Bf4 Bc6 17.Qc4 Qb7 18.Ne5 Bd5 19.Be4 Rd8 20.Rxd5 Rxd5 21.Bxd5 Qxd5 22.Qa6 g5
23.Bg3 h5 24.h3 Ne4 25.Qxa7 Nxg3 26.Nd7+ Kg7 27.fxg3 Ra8 28.Qc7 Bd8 29.Qe5+ Qxe5
30.Nxe5 Bf6 31.Nc4 b5 32.Nd6 Bxb2 33.Rf1 f6 34.Nxb5 Rxa2 35.Nd6 Be5 36.Nf5+ Kg6
37.g4 hxg4 38.hxg4 Ra4 39.Ne7+ Kf7 40.Nc6 Bf4 41.Re1 c4 42.Nd4 Kg6 43.Re7 Bg3
44.Kf1 Ra1+  0-1

[Event "61st ch-RUS HL"]
[Site "Novokuznetsk RUS"]
[Date "2008.09.10"]
[Round "7"]
[White "Khalifman,A"]
[Black "Bocharov,D"]
[Result "0-1"]
[WhiteElo "2634"]
[BlackElo "2582"]

1.d4 d5 2.c4 c6 3.Nf3 Nf6 4.Nc3 e6 5.e3 Nbd7 6.Bd3 dxc4 7.Bxc4 b5 8.Bd3 a6
9.e4 c5 10.d5 c4 11.Bc2 e5 12.O-O Bd6 13.Ne2 Nc5 14.Ng3 O-O 15.b4 cxb3 16.axb3 Bd7
17.Bg5 h6 18.Be3 Re8 19.h3 a5 20.Re1 Bf8 21.Nd2 Nb7 22.Bd3 Bb4 23.Qe2 Nd6
24.Rec1 Qe7 25.Ndf1 a4 26.Bd2 Bxd2 27.Qxd2 axb3 28.Qb2 Ra4 29.Nd2 h5 30.Qxb3 h4
31.Ngf1 Nfxe4 32.Nxe4 Nxe4 33.Bxe4 Rxe4 34.Rc7 Qd6 35.Raa7 Rd8 36.Ne3 Rf4
37.Qc2 Ra4 38.Rxa4 bxa4 39.Ra7 Qb6 40.Qc7 Qxc7 41.Rxc7 e4 42.Ra7 f5 43.Nc4 Bb5
44.Nb6 Be8 45.Ra5 Rb8 46.Nxa4 Rb1+ 47.Kh2 Ra1 48.Ra8 Kf7 49.Ra7+ Kf6 50.Ra6+ Ke5
51.Re6+ Kxd5 52.Rxe8 Rxa4 53.g3 Ra2 54.Kg2 hxg3 55.Kxg3 g5 56.Rd8+ Kc4 57.Rc8+ Kd3
58.Rd8+ Ke2 59.Rb8 f4+ 60.Kg2 e3  0-1

[Event "TCh-SRB 1st League"]
[Site "Subotica SRB"]
[Date "2008.09.10"]
[Round "9"]
[White "Pavlovic,G1"]
[Black "Lajthajm,B"]
[Result "0-1"]
[WhiteElo "2388"]
[BlackElo "2513"]

1.d4 d5 2.c4 c6 3.Nf3 Nf6 4.Nc3 e6 5.e3 Nbd7 6.Bd3 a6 7.O-O dxc4 8.Bxc4 b5
9.Bd3 c5 10.a4 b4 11.Ne4 Bb7 12.Nxf6+ Nxf6 13.dxc5 Bxc5 14.Qc2 Qe7 15.e4 h6
16.b3 O-O 17.Bb2 Rfc8 18.Qe2 a5 19.Rac1 Nd7 20.Nd2 Nf8 21.Kh1 Ng6 22.g3 Rd8
23.Rfd1 Bxf2 24.Nf3 Bb6 25.Kg2 Rac8 26.Rxc8 Rxc8 27.Rd2 Rd8 28.Bc2 Rxd2 29.Qxd2 Qc7
30.Bd3 Nf8 31.Qe2 Nd7 32.Bb1 Nf6 33.Kh3 Qc5 34.Nd2 Qg1 35.Bxf6 gxf6 36.Qg4+ Kf8
37.Qf4 e5  0-1

[Event "7th Georgiev - Kesarovski Mem"]
[Site "Sunny Beach BUL"]
[Date "2008.09.10"]
[Round "4"]
[White "Pezelj,N"]
[Black "Asparuhov,P"]
[Result "0-1"]
[WhiteElo "2334"]
[BlackElo "2119"]

1.c4 c6 2.d4 d5 3.Nc3 Nf6 4.Nf3 e6 5.e3 Nbd7 6.Be2 Be7 7.O-O O-O 8.Qc2 a6
9.e4 dxe4 10.Nxe4 Nxe4 11.Qxe4 Nf6 12.Qh4 Ne8 13.Bg5 Bxg5 14.Qxg5 Qxg5 15.Nxg5 Nf6
16.Nf3 Rd8 17.Rad1 Bd7 18.Ne5 Ne4 19.Bf3 Nd6 20.b3 Be8 21.Rd2 Rac8 22.Rfd1 Rc7
23.d5 exd5 24.Bxd5 cxd5 25.Rxd5 f6 26.Rxd6 Rxd6 27.Rxd6 fxe5 28.Re6 Kf7 29.Rxe5 Re7
30.Rf5+ Kg6 31.g4 Bd7 32.Rf4 Kg5 33.Rd4 Bc6 34.h3 Re1+ 35.Kh2 Rh1+  0-1

[Event "3rd XtraCon EMT"]
[Site "Borup DEN"]
[Date "2008.09.11"]
[Round "5"]
[White "Ivanov,MM"]
[Black "Kulaots,K"]
[Result "1/2-1/2"]
[WhiteElo "2489"]
[BlackElo "2531"]

1.d4 Nf6 2.Nf3 e6 3.c4 d5 4.Nc3 c6 5.e3 Nbd7 6.Bd3 dxc4 7.Bxc4 b5 8.Bd3 Bb7
9.a3 Bd6 10.O-O O-O 11.h3 a6 12.b4 a5 13.Rb1 axb4 14.axb4 Qe7 15.Qb3 Nd5
16.Nxd5 exd5 17.Bd2 Nf6 18.Rfc1 Ne4 19.Be1 Rae8 20.Ne5 Bxe5 21.dxe5 Qxe5
22.Bxe4 Qxe4 23.Qc2 Qxc2 24.Rxc2 Ra8 25.Rcc1 Ra4 26.Bc3 Bc8 27.Bd4 Bf5 28.Rb2 Rc8
29.Rc3 f6 30.Kh2 h5 31.h4 Kf7 32.Kg3 Bd7 33.Kf4 Rg8 34.Kg3 g5 35.hxg5 fxg5
36.Kh2 h4 37.f3 Ra1 38.Rcc2 Rga8 39.Rf2 R8a4 40.Bc5 Kg6 41.g3 Bf5 42.gxh4 gxh4
43.Rg2+ Kf7 44.Rg5 Ke6 45.Rg1 Rxg1 46.Kxg1 Ra1+ 47.Kh2 h3 48.Rf2 Ra3 49.Kg3 Ra8
50.Bd4 Rg8+ 51.Kh2 Rg6 52.Ra2 Kd6 53.Bc5+ Kc7 54.Bd4 Kd6  1/2-1/2

[Event "3rd PGMA Cup"]
[Site "Manila PHI"]
[Date "2008.09.11"]
[Round "8"]
[White "Paragua,M"]
[Black "Dao Thien Hai"]
[Result "1/2-1/2"]
[WhiteElo "2523"]
[BlackElo "2489"]

1.d4 d5 2.c4 c6 3.Nf3 Nf6 4.e3 e6 5.Nc3 Nbd7 6.Bd3 dxc4 7.Bxc4 b5 8.Bd3 Bb7
9.O-O a6 10.e4 c5 11.d5  1/2-1/2

[Event "XXV Aniversario"]
[Site "Parla ESP"]
[Date "2008.09.11"]
[Round "6"]
[White "Serrano Salvador,E"]
[Black "Tejedor Ariza,F"]
[Result "1-0"]
[WhiteElo "2341"]
[BlackElo "2010"]

1.d4 d5 2.c4 c6 3.Nf3 Nf6 4.Nc3 e6 5.e3 Bd6 6.Bd3 dxc4 7.Bxc4 Nbd7 8.O-O O-O
9.e4 e5 10.Bg5 b5 11.Bb3 exd4 12.Nxd4 Qc7 13.Kh1 Ba6 14.Rc1 Bf4 15.Nd5 Nxd5
16.Rxc6 Qa5 17.Bxd5 Bxg5 18.b4 Qxb4 19.Rxa6 Rac8 20.Nc6 Qd6 21.Bxf7+  1-0

[Event "3rd XtraCon EMT"]
[Site "Borup DEN"]
[Date "2008.09.12"]
[Round "6"]
[White "Semcesen,D"]
[Black "Schandorff,L"]
[Result "1/2-1/2"]
[WhiteElo "2387"]
[BlackElo "2537"]

1.c4 e6 2.Nf3 Nf6 3.Nc3 d5 4.d4 c6 5.e3 Nbd7 6.Qc2 Bd6 7.Bd3 O-O 8.O-O h6
9.b3 e5 10.cxd5 cxd5 11.Nb5 Bb8 12.dxe5 Nxe5 13.Nxe5 Bxe5 14.Bb2 Bxb2 15.Qxb2 Bd7
16.Nd4 Qe7 17.Rfd1 Rac8 18.Rac1 a6 19.Rxc8 Rxc8 20.Rc1 Rxc1+ 21.Qxc1 Qd6
22.h3 Ne4 23.Qc2 Nc5 24.Be2 Ne6 25.Qd2 Qa3 26.Nf5 Nf8 27.Qxd5 Bxf5 28.Qxf5 Qxa2
29.Bc4 Qa1+ 30.Kh2 Qf6 31.Qxf6 gxf6 32.Bd5 b6 33.Kg3 Ne6 34.Kg4 Kf8 35.Kf5 Ke7
36.g4 Nc5 37.f4 b5 38.h4 a5 39.e4 a4 40.bxa4 bxa4 41.g5 fxg5 42.fxg5 hxg5
43.hxg5 Ne6 44.e5 Nd4+ 45.Ke4 Nc2 46.Kf5 a3 47.Bc4 Nd4+ 48.Ke4 Ne6 49.Kf5 Nd4+
50.Ke4 Ne6  1/2-1/2

[Event "4th ch-EU"]
[Site "Liverpool ENG"]
[Date "2008.09.12"]
[Round "4"]
[White "Moser,E"]
[Black "Werle,J"]
[Result "0-1"]
[WhiteElo "2383"]
[BlackElo "2591"]

1.d4 Nf6 2.Nf3 e6 3.c4 d5 4.Nc3 c6 5.e3 Nbd7 6.Qc2 Bd6 7.e4 dxe4 8.Nxe4 Nxe4
9.Qxe4 Nf6 10.Qh4 c5 11.Bg5 Qa5+ 12.Bd2 Qc7 13.Bd3 b6 14.Bh6 Rg8 15.Bxg7 Rxg7
16.Qxf6 Rxg2 17.O-O-O Bb7 18.Rhg1 Qe7 19.Qxe7+ Kxe7 20.Rxg2 Bxf3 21.Rg7 Bxd1
22.Kxd1 cxd4 23.Rxh7 Rg8 24.Ke2 Rg1 25.h4 Be5 26.Rh5 Kd6 27.Rh7 Ke7 28.Rh5 Bf6
29.c5 bxc5 30.Rxc5 Bxh4 31.Rc7+ Kf6 32.Kf3 Rd1 33.Ke2 Rh1 34.Rc2 Rh3 35.Bb5 Bxf2
36.Rc7 Be3 37.a4 a5 38.b3 Rh2+ 39.Kd3 Rh3 40.Ke4 Rh4+ 41.Kd3 e5 42.Bc6 Ke6
43.Ra7 Bg1 44.Bd7+ Kd6 45.Bf5 Rf4 46.Rd7+ Kc5 47.Rc7+ Kb4 48.Rb7+ Ka3 49.Rxf7 e4+
50.Kd2 Rf2+ 51.Ke1 d3 52.Bg6 e3 53.Rxf2 exf2+ 54.Kf1 d2 55.Bh5 Kxb3 56.Bd1+ Kb2
57.Ke2 Kc1 58.Bb3 Bh2  0-1

[Event "61st ch-RUS HL"]
[Site "Novokuznetsk RUS"]
[Date "2008.09.12"]
[Round "9"]
[White "Maslak,K"]
[Black "Galkin,A"]
[Result "1-0"]
[WhiteElo "2521"]
[BlackElo "2615"]

1.d4 d5 2.c4 e6 3.Nc3 c6 4.e3 Nf6 5.Nf3 Nbd7 6.Qc2 Bd6 7.g4 dxc4 8.Bxc4 e5
9.g5 Nd5 10.Bd2 O-O 11.Bd3 g6 12.Ne4 Nb4 13.Qb3 Nxd3+ 14.Qxd3 Qe7 15.Bc3 Qe6
16.O-O-O Be7 17.Kb1 Qg4 18.Nfd2 Rd8 19.Ka1 Nc5 20.Nxc5 Bxc5 21.f3 Qh3 22.Qe2 Be7
23.Ne4 Bf5 24.Nf2 Qh4 25.e4 Bc8 26.d5 Qxg5 27.h4 Qf6 28.h5 Bd6 29.hxg6 hxg6
30.f4 Qxf4 31.Bd2 Qf6 32.Ng4 Bxg4 33.Qxg4 Bf8 34.Bg5 Qg7 35.Bxd8 Rxd8 36.dxc6 Rxd1+
37.Rxd1 bxc6 38.Qd7 Qf6 39.Qxa7 Qf4 40.Qa4 Qf3 41.Rb1 Bc5 42.Qc4 Bf2 43.Rf1 Qe3
44.Qc2 Bg3 45.Qxc6 Bf4 46.Qe8+ Kg7 47.Rh1 Bh2 48.a3 Qf2 49.Rc1  1-0

[Event "61st ch-RUS HL"]
[Site "Novokuznetsk RUS"]
[Date "2008.09.12"]
[Round "9"]
[White "Inarkiev,E"]
[Black "Kryakvin,D"]
[Result "1-0"]
[WhiteElo "2675"]
[BlackElo "2565"]

1.d4 d5 2.c4 c6 3.Nf3 Nf6 4.Nc3 e6 5.e3 a6 6.b3 Bb4 7.Bd2 Nbd7 8.Bd3 O-O
9.O-O Bd6 10.e4 dxc4 11.bxc4 e5 12.c5 Bc7 13.Na4 exd4 14.Bg5 Re8 15.Re1 Ne5
16.Nxe5 Rxe5 17.Bh4 Re8 18.Rb1 Rb8 19.Nb6 h6 20.Qd2 Re5 21.Nxc8 Rxc8 22.Rxb7 Rh5
23.Bg3 Bxg3 24.hxg3 Rxc5 25.e5 Nd5 26.e6 fxe6 27.Rxe6 Rc7 28.Qe2 Nf6 29.Rxc7  1-0

[Event "XXV Aniversario"]
[Site "Parla ESP"]
[Date "2008.09.12"]
[Round "7"]
[White "Martinez Martin,D"]
[Black "Fuentes Arjona,A"]
[Result "1-0"]
[WhiteElo "2415"]
[BlackElo "2042"]

1.d4 Nf6 2.Nf3 d5 3.c4 e6 4.Nc3 c6 5.e3 Nbd7 6.Bd3 dxc4 7.Bxc4 Nb6 8.Bb3 Bb4
9.O-O O-O 10.Qe2 Nbd5 11.Bd2 Bxc3 12.bxc3 Ne4 13.c4 Nxd2 14.Qxd2 Nf6 15.c5 Ne4
16.Qc2 f5 17.Ne5 Nf6 18.Qxf5 Nd5 19.Qg4 Qe8 20.Rac1 Rf5 21.e4 Rf4 22.Qe2 Nf6
23.f3 Qh5 24.Bc4 Ne8 25.g3 Rf8 26.Qg2 Nc7 27.f4 Kh8 28.g4 Qe8 29.f5 exf5
30.gxf5 b5 31.Ng6+  1-0

[Event "I Liga Seniorow"]
[Site "Ustron POL"]
[Date "2008.09.12"]
[Round "7"]
[White "Moranda,W"]
[Black "Marszalek,Mac"]
[Result "1/2-1/2"]
[WhiteElo "2533"]
[BlackElo "2355"]

1.d4 d5 2.c4 c6 3.Nc3 Nf6 4.e3 e6 5.Nf3 Nbd7 6.Qc2 Bd6 7.Bd3 dxc4 8.Bxc4 O-O
9.O-O e5 10.Bb3 Qc7 11.h3 b6 12.e4 Ba6 13.Rd1 Rad8 14.Be3 exd4 15.Bxd4 Ne5
16.Bxe5 Bxe5 17.Rxd8 Rxd8 18.Nxe5 Qxe5 19.Rd1 Rxd1+ 20.Qxd1 g6 21.Qd2 Kg7
22.Qe3 Nd7 23.f4 Qc5 24.Kf2 h5 25.e5 Qxe3+ 26.Kxe3 Nc5 27.Bd1 Ne6 28.g3 f6
29.exf6+ Kxf6 30.Ne4+ Ke7 31.Bc2 c5 32.Ng5 Nf8 33.Nf3 Bc8 34.Ne5 Kf6 35.h4 Bf5
36.Bb3  1/2-1/2